MARC details
| 000 -CABECERA |
| campo de control de longitud fija |
01398nam a2200253 a 4500 |
| 001 - NÚMERO DE CONTROL |
| campo de control |
000000060 |
| 005 - FECHA Y HORA DE LA ÚLTIMA TRANSACCIÓN |
| campo de control |
20240307073940.0 |
| 008 - DATOS DE LONGITUD FIJA--INFORMACIÓN GENERAL |
| campo de control de longitud fija |
081117s2007 dr acd 000 0 spa d |
| 020 ## - NÚMERO INTERNACIONAL ESTÁNDAR DEL LIBRO |
| Número Internacional Estándar del Libro |
9789993425717 |
| 020 ## - NÚMERO INTERNACIONAL ESTÁNDAR DEL LIBRO |
| Número Internacional Estándar del Libro |
9993425710 |
| 040 ## - FUENTE DE LA CATALOGACIÓN |
| Centro catalogador/agencia de origen |
DO-SdBNP |
| Lengua de catalogación |
spa |
| Centro/agencia transcriptor |
BNPHU |
| 082 ## - NÚMERO DE LA CLASIFICACIÓN DECIMAL DEWEY |
| Número de clasificación |
570.724 |
| Número de documento/Ítem |
H519b |
| 100 1# - ENTRADA PRINCIPAL--NOMBRE DE PERSONA |
| Nombre de persona |
Henríquez, Ana Mercedes |
| 9 (RLIN) |
243 |
| 245 10 - MENCIÓN DE TÍTULO |
| Título |
Bio-Intec : |
| Resto del título |
una metodología integradora / |
| Mención de responsabilidad, etc. |
Ana Mercedes Henríquez, Mabel Artidiello Moreno. |
| 260 ## - PUBLICACIÓN, DISTRIBUCIÓN, ETC. |
| Lugar de publicación, distribución, etc. |
Santo Domingo : |
| Nombre del editor, distribuidor, etc. |
INTEC, |
| Fecha de publicación, distribución, etc. |
2007. |
| 300 ## - DESCRIPCIÓN FÍSICA |
| Extensión |
ix, 248 p. : |
| Otras características físicas |
il. , graf. , retrs. ; |
| Dimensiones |
23 cm. |
| 505 0# - NOTA DE CONTENIDO CON FORMATO |
| Nota de contenido con formato |
Introducción -- |
| Título |
Capítulo I. Características de la docencia e investigación. |
| -- |
Capítulo II. Proceso integrador en la docencia. -- |
| -- |
Capítulo III. Bio-Intec y sus características. |
| -- |
Capítulo IV. Comité de Bio-Intec -- |
| -- |
Capítulo V. Organización del Bio-Intec -- |
| -- |
Capítulo VI. Proceso de evaluación del Bio-Intec -- |
| -- |
Capitulo VII. Fase expositiva del BIO-INTEC |
| -- |
Capítulo VIII. BIO-INTEC en el tiempo |
| -- |
Capitulo IX. Impacto del BIO-INTEC en el proceso enseñanza-aprendizaje |
| -- |
Conclusiones -- |
| -- |
Recomendaciones -- |
| -- |
Bibliografía -- |
| -- |
Anexos. |
| 650 #4 - PUNTO DE ACCESO ADICIONAL DE MATERIA--TÉRMINO DE MATERIA |
| Término de materia o nombre geográfico como elemento de entrada |
Biología |
| Subdivisión general |
Enseñanza |
| 9 (RLIN) |
244 |
| 650 #4 - PUNTO DE ACCESO ADICIONAL DE MATERIA--TÉRMINO DE MATERIA |
| Término de materia o nombre geográfico como elemento de entrada |
Investigación |
| Subdivisión general |
Enseñanza |
| 9 (RLIN) |
245 |
| 650 #4 - PUNTO DE ACCESO ADICIONAL DE MATERIA--TÉRMINO DE MATERIA |
| Término de materia o nombre geográfico como elemento de entrada |
Investigación aplicada |
| 9 (RLIN) |
246 |
| 700 1# - PUNTO DE ACCESO ADICIONAL--NOMBRE DE PERSONA |
| Nombre de persona |
Artidiello Moreno, Mabel |
| 9 (RLIN) |
247 |
| 710 2# - PUNTO DE ACCESO ADICIONAL--NOMBRE DE ENTIDAD CORPORATIVA |
| Nombre de entidad corporativa o nombre de jurisdicción como elemento de entrada |
Instituto Tecnológico de Santo Domingo |
| 9 (RLIN) |
78911 |
| 910 ## - DATOS DE OPCIÓN DEL USUARIO (OCLC) |
| Datos de opción del usuario |
Validado. Control de calidad MFF |